000 00568nam a2200181Ia 4500
003 GCL
008 140319s9999 xx 000 0 ara d
040 _aGCL /
_cGCL
082 0 4 _a301.01
_bص م
100 1 _aصلاح مصطفى الفوال
245 1 0 _aمنهجية العلوم الاجتماعية /
_cصلاح مصطفى الفوال
260 _a[S.N] :
_bعالم الكتب الحديث
490 _aسلسلة كتب علم الاجتماع
_v0
650 0 4 _aالعلم
650 0 4 _aالاجتماع
650 0 4 _aالمنهجية
942 _2ddc
_cBK
999 _c31522
_d31522